000 01371nam a2200349Ia 4500
001 ebr10150382
003 CaPaEBR
006 m u
007 cr cn|||||||||
008 060502s2006 nyu sb 001 0 eng d
010 _z 2006044814
020 _z1403983534
020 _z1403968489 (alk. paper)
040 _aCaPaEBR
_cCaPaEBR
035 _a(OCoLC)567964960
050 1 4 _aPR275.L66
_bW75 2006eb
082 0 4 _a820.9/3543
_222
245 0 0 _aWritings on love in the English Middle Ages
_h[electronic resource] /
_cedited by Helen Cooney.
250 _a1st ed.
260 _aNew York :
_bPalgrave Macmillan,
_c2006.
300 _axiii, 204 p.
490 1 _aStudies in Arthurian and courtly cultures
504 _aIncludes bibliographical references and index.
533 _aElectronic reproduction.
_bPalo Alto, Calif. :
_cebrary,
_d2009.
_nAvailable via World Wide Web.
_nAccess may be limited to ebrary affiliated libraries.
650 0 _aEnglish literature
_yMiddle English, 1100-1500
_xHistory and criticism.
650 0 _aLove in literature.
655 7 _aElectronic books.
_2local
700 1 _aCooney, Helen,
_d1962-
710 2 _aebrary, Inc.
830 0 _aStudies in Arthurian and courtly cultures.
856 4 0 _uhttp://site.ebrary.com/lib/rucke/Doc?id=10150382
_zAn electronic book accessible through the World Wide Web; click to view
999 _c94580
_d94580